Statistics for UK Politicians by clue

Click here to take the quiz!

General Stats

  • This quiz has been taken 100 times
  • The average score is 8 of 15

Answer Stats

CluePolitician% Correct
Allegedly had sex with a pigDavid Cameron
97%
Preceded by Tony Blair and succeeded by David CameronGordon Brown
89%
JEZZAJeremy Corbyn
86%
Was leader of the Conservative party, and Prime Minister from 1990 - 1997John Major
86%
Was handed a P45 during the middle of a speechTheresa May
86%
Infamously nicknamed "The Milk Snatcher" after withdrawing free school milkMargaret Thatcher
84%
Leader of the party who formed a coalition with the Conservative Party in 2010Nick Clegg
74%
"Libya could be the next Dubai, if they clear out all the bodies"Boris Johnson
64%
Denied attempt to call indie ref 2Nicola Sturgeon
53%
Former chancellor said they would not rest until Theresa May was “chopped up in bags in my freezer”George Osborne
38%
Allegedly groped glamour model Valerie Fox on a jumbo jetNigel Farage
21%
Recently resigned following criticism of her opinion piece written for "the Sun" concerning rape and exploitation of women.Sarah Champion
9%
Labour politician mocked for their funny lispEdward Miliband
5%
filibustered a bill sponsored by John Nicolson of the Scottish National Party that would pardon historic convictions of homosexualitySam Gyimah
5%
Apparently hadn't read their own parties manifesto before it was publicly releasedPaul Nuttal
1%

Score Distribution

Percentile by Number Answered

Percent of People with Each Score

Your Score History

You have not taken this quiz